00563 2200205 4500001002100000005001700021008004100038020002200079035002400101082000800125090001800133100001900151245006200170250001100232260003300243300001900276650002000295700002100315999002100336YOGYA-0213000000093620130222094235.0 ind  a978-602-255-001-3 0010-021300000000936 a813 aDep 813 Ari R aARINE HIDAJATI aRindu maryam / Arine Hidajati ; editor, Ratna Mariastuti. aCet. 1 aYogyakartabDiva Pressc2012 a354 hlmc20 cm aFiksi Indonesia aRatna Mariastuti aCB-D.11 2012-934